[Event "Hillerod NSU op"]
[Site "Hillerod"]
[Date "2011.01.08"]
[Round "3"]
[White "Schultz Pedersen, Jesper"]
[Black "Andersen, Daniel"]
[Result "1-0"]
[WhiteElo "2139"]
[BlackElo "1914"]
[PlyCount "89"]
[EventDate "2011.01.07"]
[EventType "swiss"]
[EventRounds "5"]
[EventCountry "DEN"]
[SourceTitle "EXT 2018"]
[Source "ChessBase"]
[SourceDate "2017.10.13"]
[SourceVersion "1"]
[SourceVersionDate "2017.10.13"]
[SourceQuality "1"]

1. e4 e6 2. Nf3 d5 3. e5 c5 4. d4 Nc6 5. Bd3 cxd4 6. 0-0 Bc5 7. a3 a5 8. Re1 Nge7 9. Bf4 Nf5 10. c3 h6 11. Bxf5 exf5 12. cxd4 Be7 13. Qd3 Be6 14. Bd2 0-0 15. Nc3 Qd7 16. h4 a4 17. Ne2 Qd8 18. g3 Na5 19. Bxa5 Qxa5 20. Rec1 Rfc8 21. Rc3 Rxc3 22. Qxc3 Qb5 23. Qd2 Rc8 24. Rc1 Rxc1+ 25. Nxc1 Qc4 26. Ne1 b5 27. Nc2 f4 28. gxf4 Bxh4 29. Ne3 Qc6 30. Nd3 Be7 31. f5 Bd7 32. Nb4 Bxb4 33. Qxb4 Qc1+ 34. Kg2 Qb1 35. e6 fxe6 36. Qe7 exf5 37. Qxd7 Qe4+ 38. Kg1 Qb1+ 39. Kh2 Qxb2 40. Qxd5+ Kh8 41. Kg2 Qxa3 42. Nxf5 Qc1 43. Ne7 Qc4 44. Qxc4 bxc4 45. d5 1-0

[Event "Politiken Cup 32nd"]
[Site "Copenhagen"]
[Date "2010.08.07"]
[Round "9"]
[White "Rostgaard, Tobias Valentin"]
[Black "Schultz Pedersen, Jesper"]
[Result "1-0"]
[WhiteElo "2103"]
[BlackElo "2206"]
[PlyCount "113"]
[EventDate "2010.07.31"]
[EventType "swiss"]
[EventRounds "10"]
[EventCountry "DEN"]
[SourceTitle "CBM 137 Extra"]
[Source "ChessBase"]
[SourceDate "2010.09.01"]
[SourceVersion "1"]
[SourceVersionDate "2010.09.01"]
[SourceQuality "1"]

1. d4 Nc6 2. e4 d5 3. e5 f6 4. Nf3 Bg4 5. Be2 e6 6. Nbd2 Nh6 7. 0-0 Nf7 8. Re1 Qd7 9. b3 0-0-0 10. Bb2 h5 11. c4 fxe5 12. cxd5 exd5 13. Nxe5 Nfxe5 14. dxe5 Rh6 15. h3 Bxh3 16. Bxh5 Be6 17. Bf3 Bc5 18. a3 g5 19. g3 g4 20. Bg2 Rf8 21. Re2 Qf7 22. Qe1 Qh5 23. Nf1 Qf7 24. b4 Bb6 25. Bc1 Rh5 26. Be3 d4 27. Bf4 Rfh8 28. Rd2 Qh7 29. f3 d3+ 30. Be3 Bd5 31. f4 Bf3 32. Bxb6 axb6 33. Bxf3 gxf3 34. Qe3 Rh1+ 35. Kf2 Rh2+ 36. Nxh2 Qxh2+ 37. Kxf3 Qh5+ 38. Kf2 Qh2+ 39. Kf3 Qh5+ 40. g4 Qh3+ 41. Ke4 Qh7+ 42. Kd5 b5 43. Kc5 Rd8 44. Kxb5 Nd4+ 45. Kc4 Nc2 46. Rxc2 dxc2 47. Rc1 Qd7 48. Kb3 Qd1 49. Kb2 Rd3 50. Qc5 Rb3+ 51. Kxb3 Qxc1 52. Qf8+ Kd7 53. Qf7+ Kd8 54. Qg8+ Ke7 55. Qh7+ Kf8 56. Qf5+ Ke8 57. Qc8+ 1-0